[Event "Titled Tuesday intern op 09th Apr Early"]
[Site "Chess.com INT"]
[Date "2024.04.09"]
[Round "3"]
[White "Xie, Bryan"]
[Black "Yashas, Devappa"]
[Result "0-1"]
[WhiteElo "2275"]
[BlackElo "2315"]
[PlyCount "142"]
[EventDate "2024.04.09"]
[EventType "swiss (blitz)"]
[EventRounds "11"]
[EventCountry "USA"]
[SourceTitle "EXT 2025"]
[Source "ChessBase"]
[SourceDate "2024.10.14"]
[SourceVersion "1"]
[SourceVersionDate "2024.10.14"]
[SourceQuality "1"]

1. e4 d5 2. exd5 Nf6 3. d4 Bg4 4. f3 Bf5 5. c4 e6 6. dxe6 Nc6 7. exf7+ Kxf7 8. d5 Nb4 9. Na3 Bc5 10. Be2 Nd3+ 11. Bxd3 Re8+ 12. Ne2 Bb4+ 13. Kf1 Qd7 14. Nc2 Bc5 15. Ncd4 Bxd3 16. Qxd3 c6 17. dxc6 bxc6 18. Qf5 Qd6 19. Bf4 Qe7 20. Re1 Bxd4 21. Bg3 Bxb2 22. Nf4 Qb4 23. Qc2 Bc3 24. Nd3 Qxc4 25. Rc1 Nd5 26. Bf2 Re3 27. Rd1 Rae8 28. Kg1 Re2 29. Qc1 Qxa2 30. h4 a5 31. h5 h6 32. Rh4 Qc2 33. Qb1 Qxb1 34. Rxb1 a4 35. Nf4 a3 36. Nxe2 Rxe2 37. Rb7+ Kf6 38. Bd4+ Bxd4+ 39. Rxd4 a2 40. Ra4 Re1+ 41. Kh2 a1Q 42. Rxa1 Rxa1 43. Kg3 Rc1 44. Kg4 Ne3+ 45. Kg3 Rc2 46. Rc7 Nxg2 47. f4 Ne3 48. Kf3 Nf5 49. Rc8 c5 50. Rf8+ Ke6 51. Ke4 Nd6+ 52. Kd3 Rh2 53. Rg8 Rxh5 54. Rxg7 Kd5 55. Rg6 Rh3+ 56. Kc2 c4 57. Rf6 Ne4 58. Rf8 Rh2+ 59. Kd1 Kd4 60. f5 Nc3+ 61. Ke1 Nd5 62. f6 Nxf6 63. Rxf6 Kc3 64. Kd1 Rh1+ 65. Ke2 Kc2 66. Rc6 c3 67. Rc8 Kb2 68. Rb8+ Kc1 69. Rc8 c2 70. Kd3 Rh3+ 71. Ke2 Rb3 0-1

[Event "Bengaluru Karnataka op"]
[Site "Bengaluru"]
[Date "2023.05.29"]
[Round "8"]
[White "Yashas, Devappa"]
[Black "Parthasarathy, R1."]
[Result "1-0"]
[WhiteElo "2315"]
[BlackElo "1345"]
[PlyCount "95"]
[EventDate "2023.05.26"]
[EventType "swiss"]
[EventRounds "9"]
[EventCountry "IND"]
[SourceTitle "CBM 214 Extra"]
[Source "ChessBase"]
[SourceDate "2023.07.31"]
[SourceVersion "1"]
[SourceVersionDate "2023.07.31"]
[SourceQuality "1"]

1. Nf3 Nf6 2. c4 g6 3. b3 Bg7 4. Bb2 0-0 5. e3 c5 6. Be2 Nc6 7. 0-0 b6 8. a3 Bb7 9. d3 d5 10. cxd5 Qxd5 11. Nbd2 Rfd8 12. Qc2 Rac8 13. Rfd1 Qe6 14. Bf1 Nd5 15. Bxg7 Kxg7 16. Ne4 h6 17. Qb2+ Kg8 18. Re1 Rd7 19. Rac1 Rcd8 20. h3 g5 21. Ng3 Qg6 22. Rc2 Ba6 23. Rd1 Nc7 24. Ne1 Nd5 25. Rdc1 Bb7 26. Nf3 f5 27. b4 f4 28. exf4 gxf4 29. Ne2 cxb4 30. Rxc6 Bxc6 31. Ne5 Qg7 32. Rxc6 bxa3 33. Qa1 Rd6 34. Rc4 Re6 35. d4 b5 36. Rc5 f3 37. Nxf3 b4 38. Qa2 Red6 39. Nf4 e6 40. Nxe6 Rxe6 41. Rxd5 Rb8 42. Rb5 Rxb5 43. Qxe6+ Qf7 44. Qxf7+ Kxf7 45. Bxb5 Kf6 46. Bc4 a5 47. Nd2 a4 48. f3 1-0

[Event "Bengaluru Karnataka op"]
[Site "Bengaluru"]
[Date "2023.05.27"]
[Round "3"]
[White "Abhay, Hippargi"]
[Black "Yashas, Devappa"]
[Result "0-1"]
[WhiteElo "1383"]
[BlackElo "2315"]
[PlyCount "98"]
[EventDate "2023.05.26"]
[EventType "swiss"]
[EventRounds "9"]
[EventCountry "IND"]
[SourceTitle "CBM 214 Extra"]
[Source "ChessBase"]
[SourceDate "2023.07.31"]
[SourceVersion "1"]
[SourceVersionDate "2023.07.31"]
[SourceQuality "1"]

1. e4 d6 2. d4 Nf6 3. Nc3 g6 4. Nf3 Bg7 5. h3 a6 6. e5 dxe5 7. dxe5 Qxd1+ 8. Kxd1 Nfd7 9. Nd5 Kd8 10. e6 Nf6 11. Nxf6 exf6 12. exf7 Be6 13. b3 Nc6 14. Bb2 Ke7 15. Ng5 Rhd8+ 16. Bd3 fxg5 17. Bxg7 Kxf7 18. Bc3 Bf5 19. Ke2 Bxd3+ 20. cxd3 Rd5 21. h4 g4 22. Rad1 Ne7 23. Rhe1 Rad8 24. g3 h5 25. Rf1 Nf5 26. d4 c5 27. Rd2 cxd4 28. Rfd1 Re8+ 29. Kf1 Nxg3+ 30. Kg2 Nf5 31. Bxd4 Nxh4+ 32. Kg3 Nf3 33. Rd3 Red8 34. Rc1 Nxd4 35. Rc7+ R8d7 36. Rxd7+ Rxd7 37. Kh2 Nf3+ 38. Rxf3+ gxf3 39. Kg3 Rd3 40. Kf4 Kf6 41. Kg3 g5 42. Kh3 Kf5 43. Kg3 h4+ 44. Kh3 Rd1 45. Kh2 Kf4 46. b4 g4 47. b5 g3+ 48. fxg3+ hxg3+ 49. Kh3 Rh1# 0-1

[Event "Bengaluru Karnataka op"]
[Site "Bengaluru"]
[Date "2023.05.26"]
[Round "2"]
[White "Yashas, Devappa"]
[Black "Dhanushkumar, S."]
[Result "1-0"]
[WhiteElo "2315"]
[BlackElo "1224"]
[PlyCount "137"]
[EventDate "2023.05.26"]
[EventType "swiss"]
[EventRounds "9"]
[EventCountry "IND"]
[SourceTitle "CBM 214 Extra"]
[Source "ChessBase"]
[SourceDate "2023.07.31"]
[SourceVersion "1"]
[SourceVersionDate "2023.07.31"]
[SourceQuality "1"]

1. Nf3 d5 2. g3 c5 3. Bg2 Nf6 4. 0-0 e6 5. d3 Be7 6. Nbd2 Nc6 7. e4 dxe4 8. dxe4 Qc7 9. c3 0-0 10. Re1 e5 11. Nc4 Be6 12. Qe2 Rfd8 13. Bg5 h6 14. Bxf6 Bxf6 15. Ne3 Rd7 16. Bf1 Rad8 17. Qc2 a6 18. Bc4 Bxc4 19. Nxc4 Rd3 20. Ne3 Qd7 21. Red1 Qd6 22. Nd5 Rxd1+ 23. Rxd1 b5 24. Ne1 c4 25. Ng2 Kf8 26. Nge3 g6 27. h4 h5 28. a4 Kg7 29. axb5 axb5 30. Ra1 Qc5 31. Ra6 Rd6 32. Qb1 Nb8 33. Ra8 Nd7 34. Qa2 Nb6 35. Nxb6 Rxb6 36. Nd5 Rd6 37. Qa7 Qc6 38. Rb8 Rd7 39. Qb6 Rd6 40. Qxb5 Qxb5 41. Rxb5 Rc6 42. Rb6 Rxb6 43. Nxb6 Bd8 44. Nxc4 Kf6 45. b4 Ke6 46. f3 f6 47. Kf2 Kd7 48. Ke2 Kc6 49. Kd3 Kb5 50. Ne3 Kc6 51. c4 Be7 52. Kc3 Bd8 53. g4 Be7 54. gxh5 gxh5 55. Nf5 Bf8 56. Ng3 Kb6 57. Nxh5 Bh6 58. Nxf6 Bg7 59. Ng4 Kc6 60. h5 Kd6 61. h6 Bf8 62. h7 Bg7 63. c5+ Kc6 64. Kc4 Bh8 65. b5+ Kc7 66. Kd5 Kd7 67. b6 Kc8 68. c6 Kb8 69. Ke6 1-0

[Event "Titled Tuesday intern op 17th Aug"]
[Site "Chess.com INT"]
[Date "2021.08.17"]
[Round "2"]
[White "Yashas, Devappa"]
[Black "Batsuren, Dambasuren"]
[Result "1-0"]
[WhiteElo "2315"]
[BlackElo "2504"]
[PlyCount "197"]
[EventDate "2021.08.17"]
[EventType "swiss (blitz)"]
[EventRounds "11"]
[EventCountry "USA"]
[SourceTitle "EXT 2022"]
[Source "ChessBase"]
[SourceDate "2021.10.06"]
[SourceVersion "1"]
[SourceVersionDate "2021.10.06"]
[SourceQuality "1"]

1. b3 d5 2. Bb2 Bf5 3. Nf3 e6 4. g3 c6 5. Bg2 Nf6 6. d3 h6 7. Nbd2 Nbd7 8. 0-0 a5 9. a4 Bb4 10. c3 Be7 11. Qc2 0-0 12. e4 dxe4 13. Nxe4 Nd5 14. Rad1 Bh7 15. Rfe1 b5 16. Nd4 Qb6 17. Ra1 Rab8 18. Reb1 b4 19. c4 Bxe4 20. Bxe4 Bf6 21. cxd5 cxd5 22. Nb5 Rfc8 23. Qe2 dxe4 24. dxe4 Bxb2 25. Rxb2 Ne5 26. Rd1 Rd8 27. Rbd2 Rxd2 28. Rxd2 Qc6 29. Kg2 f5 30. Rd6 Qxe4+ 31. Qxe4 fxe4 32. Rxe6 Nd3 33. Rxe4 Rf8 34. Re2 Rc8 35. Re3 Nc5 36. Nd6 Rd8 37. Nc4 Nb7 38. Re7 Nc5 39. Re3 Nb7 40. h4 Rd1 41. Re5 Rb1 42. Rb5 Nd8 43. Rb8 Rd1 44. Nxa5 Kf7 45. Rxb4 Rd2 46. Nc4 Ra2 47. Rb6 Ne6 48. Ne5+ Ke7 49. Ng6+ Kd7 50. Ne5+ Ke7 51. Nf3 Nc5 52. Ne5 Ne4 53. a5 Rxf2+ 54. Kg1 Ra2 55. a6 Nxg3 56. a7 Ne2+ 57. Kf1 Nd4 58. Rb4 Ke6 59. Rxd4 Rxa7 60. Nd3 Ra2 61. b4 Ra4 62. Ke2 Ra3 63. Ke3 g5 64. hxg5 hxg5 65. Rc4 Kd5 66. Rc5+ Kd6 67. Rxg5 Ra8 68. Kd4 Rh8 69. Rg6+ Kc7 70. b5 Rh5 71. Ne5 Kb7 72. Kd5 Rh1 73. Nc4 Rh5+ 74. Kd4 Rh4+ 75. Kc5 Rh5+ 76. Kb4 Rh4 77. Rg7+ Kc8 78. Kc5 Rh6 79. b6 Kb8 80. Nd6 Rh8 81. Kc6 Ka8 82. Nb5 Rc8+ 83. Rc7 Rh8 84. Nd6 Kb8 85. Rd7 Ka8 86. Re7 Kb8 87. Re8+ Rxe8 88. Nxe8 Kc8 89. Nd6+ Kb8 90. Nb5 Kc8 91. Nc7 Kb8 92. Na6+ Kc8 93. b7+ Kd8 94. b8Q+ Ke7 95. Qe5+ Kf7 96. Kd6 Kg6 97. Qf4 Kg7 98. Qf5 Kh8 99. Qg4 1-0

[Event "Titled Tuesday intern op 08th June"]
[Site "Chess.com INT"]
[Date "2021.06.08"]
[Round "1"]
[White "Chernov, Alexander A"]
[Black "Yashas, Devappa"]
[Result "1-0"]
[WhiteElo "2314"]
[BlackElo "2308"]
[PlyCount "63"]
[EventDate "2021.06.08"]
[EventType "swiss (blitz)"]
[EventRounds "11"]
[EventCountry "USA"]
[SourceTitle "CBM 202 Extra"]
[Source "ChessBase"]
[SourceDate "2021.07.31"]
[SourceVersion "1"]
[SourceVersionDate "2021.07.31"]
[SourceQuality "1"]

1. Nf3 Nf6 2. g3 d5 3. Bg2 Nbd7 4. 0-0 c6 5. d3 e6 6. Qe1 Bc5 7. e4 dxe4 8. dxe4 e5 9. Nh4 a5 10. Nf5 0-0 11. Kh1 Re8 12. Nc3 a4 13. a3 Nf8 14. Bd2 Qb6 15. Rb1 Be6 16. Ne3 Red8 17. Ncd1 N8d7 18. h3 Qc7 19. f4 exf4 20. gxf4 Nf8 21. Bc3 Bd4 22. Bd2 Re8 23. e5 Nd5 24. c3 Bc5 25. Qg3 Nxe3 26. Nxe3 Ba2 27. Rbe1 g6 28. Ng4 Rad8 29. Nf6+ Kg7 30. Nh5+ Kh8 31. Qh4 Rxd2 32. Qf6+ 1-0

[Event "Titled Tuesday intern op 08th June"]
[Site "Chess.com INT"]
[Date "2021.06.08"]
[Round "3"]
[White "Sokolin, Leonid M"]
[Black "Yashas, Devappa"]
[Result "1-0"]
[WhiteElo "2497"]
[BlackElo "2308"]
[PlyCount "129"]
[EventDate "2021.06.08"]
[EventType "swiss (blitz)"]
[EventRounds "11"]
[EventCountry "USA"]
[SourceTitle "CBM 202 Extra"]
[Source "ChessBase"]
[SourceDate "2021.07.31"]
[SourceVersion "1"]
[SourceVersionDate "2021.07.31"]
[SourceQuality "1"]

1. d4 Nf6 2. Bg5 d5 3. Bxf6 exf6 4. e3 Bd6 5. c4 dxc4 6. Bxc4 0-0 7. Nc3 f5 8. Nf3 c6 9. 0-0 a5 10. a4 Na6 11. Qb3 Nb4 12. Ne5 Bxe5 13. dxe5 Qe7 14. f4 Be6 15. Bxe6 Qxe6 16. Qxe6 fxe6 17. Rad1 Rfd8 18. e4 g6 19. exf5 gxf5 20. b3 Kf7 21. Kf2 Ke7 22. Ke2 Nc2 23. Kf2 Nd4 24. Rb1 b5 25. Rfd1 Rab8 26. Rd3 c5 27. axb5 Nxb5 28. Rxd8 Kxd8 29. Na4 Nd4 30. Nxc5 Ke7 31. Rd1 Nxb3 32. Rb1 a4 33. Nxa4 Rb4 34. Kg3 Rxa4 35. Rxb3 Ra7 36. Kh4 Kf7 37. Kh5 Kg7 38. Rb6 Re7 39. h3 h6 40. g3 Kh7 41. g4 fxg4 42. hxg4 Kg7 43. g5 hxg5 44. Kxg5 Kf7 45. Rb8 Ra7 46. Rh8 Kg7 47. Rh6 Ra6 48. Rg6+ Kf7 49. Rf6+ Ke7 50. f5 Rb6 51. Kg6 Rc6 52. Rf7+ Ke8 53. f6 Rc1 54. Re7+ Kf8 55. Rxe6 Rg1+ 56. Kf5 Rf1+ 57. Ke4 Re1+ 58. Kd5 Rd1+ 59. Kc6 Rc1+ 60. Kd7 Rd1+ 61. Rd6 Rf1 62. Rd4 Ra1 63. e6 Ra7+ 64. Kd6 Ra6+ 65. Ke5 1-0

[Event "Madrid-chT 2021"]
[Site "Madrid"]
[Date "2021.05.15"]
[Round "11.5"]
[White "Yashas, Devappa"]
[Black "Hidalgo Duque, Carlos"]
[Result "0-1"]
[WhiteElo "2314"]
[BlackElo "2240"]
[PlyCount "110"]
[EventDate "2021.01.23"]
[EventType "team-tourn"]
[EventRounds "14"]
[EventCountry "ESP"]
[SourceTitle "EXT 2022"]
[Source "ChessBase"]
[SourceDate "2021.10.06"]
[SourceVersion "1"]
[SourceVersionDate "2021.10.06"]
[SourceQuality "1"]
[WhiteTeam "Villalba 64"]
[BlackTeam "Blanco y Negro"]
[WhiteTeamCountry "ESP"]
[BlackTeamCountry "ESP"]

1. Nf3 d5 2. e3 Nf6 3. b3 e6 4. Bb2 Bd6 5. g3 Nbd7 6. Bg2 0-0 7. 0-0 a5 8. Nc3 c6 9. a4 e5 10. d3 Qc7 11. h3 Re8 12. e4 d4 13. Ne2 b5 14. Nh4 bxa4 15. bxa4 c5 16. f4 Ba6 17. Nf5 Bf8 18. Bc1 c4 19. g4 cxd3 20. cxd3 Nc5 21. g5 Nfd7 22. Rf3 Rab8 23. Bf1 Rb3 24. Ra3 Rb1 25. Qc2 Qb6 26. Ra2 Qb3 27. Qxb3 Rxb3 28. Bd2 Rxd3 29. Rxd3 Bxd3 30. fxe5 Bc4 31. Rc2 Bb3 32. Rb2 d3 33. Nf4 Bc2 34. Bxa5 Nxe5 35. Ne3 Nxa4 36. Rb5 Bc5 37. Kf2 Bd4 38. Rd5 Bxe3+ 39. Kxe3 Nc4+ 40. Kd4 d2 41. Kxc4 Rxe4+ 42. Kb5 d1Q 43. Rxd1 Bxd1 44. Nd3 Re3 45. Nf2 Bc2 46. Ng4 Rb3+ 47. Kc4 Nb6+ 48. Kd4 Nd7 49. Bc3 Rb1 50. Bg2 Rd1+ 51. Kc4 Bd3+ 52. Kb3 Rb1+ 53. Ka2 Rb6 54. Bd5 Rb5 55. Ne3 Nb6 0-1

[Event "Madrid-chT 2021"]
[Site "Madrid"]
[Date "2021.04.11"]
[Round "7.3"]
[White "Almagro Llamas, Pablo"]
[Black "Yashas, Devappa"]
[Result "1/2-1/2"]
[WhiteElo "2423"]
[BlackElo "2294"]
[PlyCount "146"]
[EventDate "2021.01.23"]
[EventType "team-tourn"]
[EventRounds "14"]
[EventCountry "ESP"]
[SourceTitle "EXT 2022"]
[Source "ChessBase"]
[SourceDate "2021.10.06"]
[SourceVersion "1"]
[SourceVersionDate "2021.10.06"]
[SourceQuality "1"]
[WhiteTeam "Virgen de Atocha"]
[BlackTeam "Villalba 64"]
[WhiteTeamCountry "ESP"]
[BlackTeamCountry "ESP"]

1. d4 Nf6 2. Nf3 e6 3. c4 b6 4. e3 Bb7 5. Bd3 Be7 6. 0-0 0-0 7. Nc3 d5 8. b3 Nbd7 9. Bb2 c5 10. Qe2 Ne4 11. Rfd1 cxd4 12. Nxd4 Nxc3 13. Bxc3 Nc5 14. Bc2 Rc8 15. Rac1 a6 16. Bb1 Bf6 17. Qg4 Re8 18. cxd5 exd5 19. Ne2 Ne6 20. Qf5 Bxc3 21. Qxh7+ Kf8 22. Rxc3 Rxc3 23. Nxc3 d4 24. Ne2 Qg5 25. e4 Qg4 26. f3 Qg5 27. Qf5 Qe3+ 28. Kf1 Rc8 29. Qe5 b5 30. Qg3 Rd8 31. Qf2 Qh6 32. h3 a5 33. Bd3 Ba6 34. Rc1 Qd2 35. Rc6 Bb7 36. Rb6 Ba8 37. Qh4 g5 38. Qh6+ Ke7 39. Rxe6+ fxe6 40. Qg7+ Kd6 41. Qxd4+ Kc7 42. Qc5+ Bc6 43. Bxb5 Qd1+ 44. Kf2 Qd6 45. Qa7+ Bb7 46. Qxa5+ Qb6+ 47. Qxb6+ Kxb6 48. Bc4 Rd2 49. Bxe6 Ba6 50. Bc4 Bxc4 51. bxc4 Kc5 52. Ke3 Rxa2 53. f4 Ra3+ 54. Kf2 gxf4 55. Nxf4 Kd4 56. Ne6+ Kxe4 57. Ng5+ Kf4 58. Ne6+ Ke5 59. Ng5 Kf4 60. Ne6+ Ke5 61. Ng5 Rc3 62. Nf3+ Kf4 63. g3+ Ke4 64. Ng5+ Kf5 65. Nf3 Rxc4 66. Ke3 Rc3+ 67. Kf2 Ra3 68. Ke2 Ra2+ 69. Ke3 Ra3+ 70. Kf2 Ke4 71. Ng5+ Kd4 72. Nf3+ Kd3 73. Ng5 Kd4 1/2-1/2

[Event "EU-Cup Online Gr-E"]
[Site "Tornelo INT"]
[Date "2021.03.28"]
[Round "5.4"]
[White "Cornette, Matthieu"]
[Black "Yashas, Devappa"]
[Result "1/2-1/2"]
[WhiteElo "2555"]
[BlackElo "2296"]
[PlyCount "121"]
[EventDate "2021.03.27"]
[EventType "team-tourn (rapid)"]
[EventRounds "9"]
[EventCountry "NET"]
[SourceTitle "CBM 201 Extra"]
[Source "ChessBase"]
[SourceDate "2021.05.31"]
[SourceVersion "1"]
[SourceVersionDate "2021.05.31"]
[SourceQuality "1"]
[WhiteTeam "Asnieres"]
[BlackTeam "Villalba 64 Miscasa"]
[WhiteTeamCountry "FRA"]
[BlackTeamCountry "ESP"]

1. e4 d5 2. exd5 Nf6 3. d4 Nxd5 4. c4 Nb6 5. Nf3 g6 6. a4 a5 7. c5 Nd5 8. Qb3 Nc6 9. Bc4 e6 10. Nc3 Ndb4 11. 0-0 Bg7 12. Rd1 0-0 13. Bg5 Bf6 14. Bxf6 Qxf6 15. Nb5 Qd8 16. Qe3 Kg7 17. Qf4 Na6 18. Ng5 h6 19. Ne4 f5 20. Nec3 Qg5 21. Qf3 Ncb4 22. Ne2 Bd7 23. Nf4 Rae8 24. g3 Qf6 25. Qb3 Bc8 26. Na7 Bd7 27. Rd2 c6 28. Re1 Re7 29. Bxe6 Rfe8 30. Rde2 Qxd4 31. Rd1 Nxc5 32. Rxd4 Nxb3 33. Rxd7 Rxd7 34. Bxd7 Rxe2 35. Nxe2 Nc5 36. Be8 Nxa4 37. b3 Nc5 38. Nd4 Kf6 39. f4 Nbd3 40. Nc8 Nc1 41. Nb6 N1xb3 42. Nxb3 Nxb3 43. Kf2 Nc5 44. Ke3 a4 45. Kd4 a3 46. Kc3 Ne4+ 47. Kb3 g5 48. Bd7 Nd2+ 49. Kxa3 Nf1 50. Bc8 Nxh2 51. Bxb7 Nf1 52. Bxc6 Nxg3 53. fxg5+ hxg5 54. Kb3 f4 55. Kc3 g4 56. Kd3 Kg5 57. Nc4 f3 58. Bxf3 gxf3 59. Ke3 Nf5+ 60. Kxf3 Ne3 61. Nxe3 1/2-1/2

[Event "EU-Cup Online Gr-E"]
[Site "Tornelo INT"]
[Date "2021.03.28"]
[Round "8.4"]
[White "Thorn, Eric"]
[Black "Yashas, Devappa"]
[Result "0-1"]
[WhiteElo "2271"]
[BlackElo "2296"]
[PlyCount "102"]
[EventDate "2021.03.27"]
[EventType "team-tourn (rapid)"]
[EventRounds "9"]
[EventCountry "NET"]
[SourceTitle "CBM 201 Extra"]
[Source "ChessBase"]
[SourceDate "2021.05.31"]
[SourceVersion "1"]
[SourceVersionDate "2021.05.31"]
[SourceQuality "1"]
[WhiteTeam "Stockholm CC"]
[BlackTeam "Villalba 64 Miscasa"]
[WhiteTeamCountry "SWE"]
[BlackTeamCountry "ESP"]

1. d4 Nf6 2. c4 e6 3. Nf3 b6 4. g3 Ba6 5. Qa4 Bb7 6. Bg2 c5 7. dxc5 Bxc5 8. 0-0 0-0 9. Nc3 a6 10. Bf4 Qc8 11. Rac1 Bc6 12. Qb3 Qb7 13. Na4 d6 14. Rfd1 Ne4 15. Nxc5 Nxc5 16. Qa3 e5 17. Be3 Qc7 18. b4 Ne6 19. Qb3 Nd7 20. Rd2 Nf6 21. Rcd1 Ne4 22. Rc2 a5 23. Nd2 Nf6 24. Bxc6 Qxc6 25. b5 Qc7 26. Nb1 Ng4 27. Nc3 Nxe3 28. fxe3 Qc5 29. Ne4 Qc7 30. Nc3 Ra7 31. Nd5 Qc5 32. Kg2 Rc8 33. Qd3 h6 34. Rf1 Rd7 35. h4 Re8 36. Nc3 Qc7 37. Nd5 Qc5 38. Qe4 Nc7 39. Qg4 Nxd5 40. Qxd7 Nxe3+ 41. Kh3 Rf8 42. Rcc1 Nxf1 43. Rxf1 Qxc4 44. Qxd6 Qxe2 45. Rc1 Qxb5 46. Rc6 e4 47. Rxb6 Qf1+ 48. Kh2 e3 49. Rb8 Rxb8 50. Qxb8+ Kh7 51. Qb1+ Qxb1 0-1

[Event "Madrid-chT 2021"]
[Site "Madrid"]
[Date "2021.03.13"]
[Round "4.4"]
[White "Yashas, Devappa"]
[Black "Ballester Llagaria, Luis Eduardo"]
[Result "1-0"]
[WhiteElo "2296"]
[BlackElo "2331"]
[PlyCount "175"]
[EventDate "2021.01.23"]
[EventType "team-tourn"]
[EventRounds "14"]
[EventCountry "ESP"]
[SourceTitle "EXT 2022"]
[Source "ChessBase"]
[SourceDate "2021.10.06"]
[SourceVersion "1"]
[SourceVersionDate "2021.10.06"]
[SourceQuality "1"]
[WhiteTeam "Villalba 64"]
[BlackTeam "Blanco y Negro"]
[WhiteTeamCountry "ESP"]
[BlackTeamCountry "ESP"]

1. b3 e5 2. Bb2 Nc6 3. e3 Nf6 4. Bb5 Bd6 5. Na3 Na5 6. Be2 Be7 7. d3 d5 8. Nf3 Nc6 9. 0-0 0-0 10. c4 Re8 11. cxd5 Nxd5 12. Nc4 f6 13. a3 a5 14. Rc1 Bf8 15. Qc2 Be6 16. Rfe1 Qd7 17. h3 Rad8 18. Ncd2 Qf7 19. Qb1 Nb6 20. Bd1 Qg6 21. Kh1 Qh6 22. Ne4 Nd7 23. Kg1 Qg6 24. Kh1 Qh6 25. Bc2 Kh8 26. Kg1 Nc5 27. Ned2 Nd7 28. Qa1 Bg8 29. Bc3 Nc5 30. Qb1 Ne6 31. b4 axb4 32. axb4 Ne7 33. Ne4 Nd5 34. Bd2 Qh5 35. Ba4 c6 36. b5 Nb6 37. Bd1 c5 38. Ba5 Nd7 39. Bxd8 Rxd8 40. d4 cxd4 41. Nxd4 Qg6 42. Nxe6 Bxe6 43. Ng3 Qe8 44. Bb3 Bxb3 45. Qxb3 Nc5 46. Qc4 Nd3 47. Red1 Nxc1 48. Rxc1 Qd7 49. b6 Ba3 50. Rc3 Bb2 51. Rc2 Ba3 52. Qc7 Qxc7 53. Rxc7 Rb8 54. Nh5 Bf8 55. e4 h6 56. Kh2 Kg8 57. f3 Kh8 58. Kg3 f5 59. exf5 e4 60. Kf2 Bd6 61. Rxg7 Bc5+ 62. Ke2 e3 63. Rd7 Ra8 64. f4 Ra2+ 65. Kf3 Rf2+ 66. Kg3 Rd2 67. Rxb7 e2 68. Rb8+ Kh7 69. Rb7+ Kg8 70. Nf6+ Kf8 71. Nh7+ Ke8 72. Nf6+ Kf8 73. Nh7+ Ke8 74. Nf6+ Kd8 75. Rb8+ Ke7 76. Re8+ Kxf6 77. b7 Ba7 78. Kf3 h5 79. g4 hxg4+ 80. hxg4 Rb2 81. Rxe2 Rxb7 82. Re6+ Kf7 83. g5 Bb8 84. Kg4 Rb4 85. g6+ Kg7 86. Kh5 Bxf4 87. f6+ Kf8 88. g7+ 1-0

[Event "Titled Tuesday intern op 02nd Feb"]
[Site "Chess.com INT"]
[Date "2021.02.02"]
[Round "2"]
[White "Yashas, Devappa"]
[Black "Kropff Gomez, Ricardo"]
[Result "1-0"]
[WhiteElo "2296"]
[BlackElo "2156"]
[PlyCount "53"]
[EventDate "2021.02.02"]
[EventType "swiss (blitz)"]
[EventRounds "11"]
[EventCountry "USA"]
[SourceTitle "CBM 200 Extra"]
[Source "ChessBase"]
[SourceDate "2021.03.31"]
[SourceVersion "1"]
[SourceVersionDate "2021.03.31"]
[SourceQuality "1"]

1. b3 e5 2. Bb2 d6 3. c4 Nc6 4. Nc3 f5 5. g3 Nf6 6. Bg2 g6 7. Nf3 Bg7 8. d3 0-0 9. 0-0 h6 10. a3 Be6 11. d4 Nxd4 12. Nxd4 exd4 13. Qxd4 Nd5 14. Qd3 Nxc3 15. Bxc3 Bxc3 16. Qxc3 c6 17. Rfd1 Qe7 18. Rd2 a6 19. Rad1 Rad8 20. Qa5 Bf7 21. e3 Rfe8 22. Qb4 c5 23. Qb6 Qe5 24. Rxd6 Rxd6 25. Qxd6 Qb2 26. Bd5 Qxb3 27. Qxg6+ 1-0

[Event "Titled Tuesday intern op 01st Dec"]
[Site "Chess.com INT"]
[Date "2020.12.01"]
[Round "3"]
[White "Yashas, Devappa"]
[Black "Zhou, Qiyu"]
[Result "1-0"]
[WhiteElo "2296"]
[BlackElo "2229"]
[PlyCount "95"]
[EventDate "2020.12.01"]
[EventType "swiss (blitz)"]
[EventRounds "11"]
[EventCountry "USA"]
[SourceTitle "CBM 199 Extra"]
[Source "ChessBase"]
[SourceDate "2021.01.31"]
[SourceVersion "1"]
[SourceVersionDate "2021.01.31"]
[SourceQuality "1"]

1. b3 d5 2. Bb2 e6 3. e3 Nf6 4. f4 Bd6 5. Nf3 c5 6. Be2 Nc6 7. 0-0 0-0 8. Ne5 Ne7 9. c4 b6 10. Bf3 Bb7 11. Nc3 a6 12. Rc1 Rc8 13. g4 Qc7 14. Ne2 Ng6 15. Nxg6 hxg6 16. g5 Nd7 17. cxd5 exd5 18. Qe1 Rfe8 19. Qh4 Nf8 20. Bg4 Rcd8 21. Rf3 f5 22. gxf6 gxf6 23. Qxf6 d4 24. Rh3 Qg7 25. Qxg7+ Kxg7 26. exd4 cxd4 27. Bxd4+ Kf7 28. Bxb6 Be4 29. Bxd8 Rxd8 30. Re3 Ba8 31. Bf3 Bxf3 32. Rxf3 Ba3 33. Rc2 Ne6 34. f5 gxf5 35. Rxf5+ Ke7 36. Ra5 Bb4 37. Rxa6 Bxd2 38. Ra7+ Kf6 39. Ra6 Be3+ 40. Kg2 Ke5 41. Kf3 Bg5 42. Ra5+ Kf6 43. Rc6 Bh4 44. Raa6 Rd3+ 45. Ke4 Rd2 46. Rxe6+ Kg5 47. Rg6+ Kh5 48. Nf4# 1-0

[Event "Titled Tuesday intern op 17th Nov"]
[Site "Chess.com INT"]
[Date "2020.11.17"]
[Round "4"]
[White "Lobanov, Sergei"]
[Black "Yashas, Devappa"]
[Result "1-0"]
[WhiteElo "2522"]
[BlackElo "2296"]
[PlyCount "51"]
[EventDate "2020.11.17"]
[EventType "swiss (blitz)"]
[EventRounds "11"]
[EventCountry "USA"]
[SourceTitle "CBM 199 Extra"]
[Source "ChessBase"]
[SourceDate "2021.01.31"]
[SourceVersion "1"]
[SourceVersionDate "2021.01.31"]
[SourceQuality "1"]

1. e4 d5 2. exd5 Nf6 3. d4 Bg4 4. Bb5+ Nbd7 5. f3 Bf5 6. c4 e6 7. dxe6 fxe6 8. Ne2 c6 9. Ba4 Bd6 10. Nbc3 Qc7 11. g3 0-0-0 12. Be3 e5 13. d5 e4 14. Nd4 Bh3 15. dxc6 bxc6 16. Bxc6 Ne5 17. Bxe4 Nxe4 18. Nxe4 Bb4+ 19. Kf2 Rhf8 20. Qa4 Rxd4 21. Bxd4 Nxf3 22. Qxb4 Rf7 23. Ke3 Nxd4 24. Kxd4 Rd7+ 25. Ke3 Qc6 26. Qc5 1-0

[Event "Titled Tuesday intern op 17th Nov"]
[Site "Chess.com INT"]
[Date "2020.11.17"]
[Round "5"]
[White "Yashas, Devappa"]
[Black "Atanejhad, Sahebali"]
[Result "1-0"]
[WhiteElo "2296"]
[BlackElo "2123"]
[PlyCount "79"]
[EventDate "2020.11.17"]
[EventType "swiss (blitz)"]
[EventRounds "11"]
[EventCountry "USA"]
[SourceTitle "CBM 199 Extra"]
[Source "ChessBase"]
[SourceDate "2021.01.31"]
[SourceVersion "1"]
[SourceVersionDate "2021.01.31"]
[SourceQuality "1"]

1. b3 Nf6 2. Bb2 d6 3. e3 g6 4. Bxf6 exf6 5. c4 Bg7 6. Nc3 0-0 7. g3 f5 8. Rc1 Nc6 9. Bg2 Be6 10. d4 Bd7 11. Nf3 Ne7 12. 0-0 c6 13. b4 a5 14. b5 d5 15. bxc6 bxc6 16. cxd5 Nxd5 17. Na4 Be6 18. Nd2 Nb4 19. a3 Nd5 20. Rxc6 Qd7 21. Qc2 Rac8 22. Rc1 Qe7 23. Bxd5 Rxc6 24. Bxc6 Qxa3 25. Nc5 Rc8 26. d5 Bb2 27. Rb1 Bf6 28. Nxe6 fxe6 29. Nc4 Qc5 30. Qd3 e5 31. Rb5 e4 32. Qb3 Qf8 33. d6 Kg7 34. Rb7+ Kh6 35. Bd5 Qd8 36. Qd1 Rc5 37. Be6 a4 38. Qf1 g5 39. Qh3+ Kg6 40. Qxh7# 1-0

[Event "Titled Tuesday intern op 10th Nov"]
[Site "Chess.com INT"]
[Date "2020.11.10"]
[Round "8"]
[White "Abdyzhapar, Asylbek"]
[Black "Yashas, Devappa"]
[Result "1-0"]
[WhiteElo "2394"]
[BlackElo "2296"]
[PlyCount "77"]
[EventDate "2020.11.10"]
[EventType "swiss (blitz)"]
[EventRounds "11"]
[EventCountry "USA"]
[SourceTitle "CBM 199 Extra"]
[Source "ChessBase"]
[SourceDate "2021.01.31"]
[SourceVersion "1"]
[SourceVersionDate "2021.01.31"]
[SourceQuality "1"]

1. d4 Nf6 2. c4 e6 3. Nf3 b6 4. a3 Bb7 5. Nc3 d5 6. cxd5 exd5 7. Bf4 a6 8. e3 Be7 9. Be2 0-0 10. 0-0 c5 11. dxc5 bxc5 12. Rc1 Nbd7 13. h3 Rc8 14. Qa4 Qb6 15. Qc2 Rfd8 16. Rfd1 d4 17. Na4 Qa5 18. Nd2 Bc6 19. b3 Bxa4 20. bxa4 Nb6 21. Nc4 Nxc4 22. Bxc4 Nd5 23. Qf5 Nxf4 24. Qxf7+ Kh8 25. Qxe7 Ng6 26. Qe6 Re8 27. Qxa6 Qc7 28. exd4 cxd4 29. Bb5 Qxc1 30. Rxc1 Rxc1+ 31. Kh2 Rf8 32. f3 Rc3 33. Qd6 Rc2 34. Bd3 Rcc8 35. Qxd4 Nf4 36. Be4 Rcd8 37. Qe3 Rb8 38. Qf2 Rb2 39. Qxb2 1-0